MARC

LEADER 00000nam0a2200000 4500
001 371184
005 20231102012343.0
035 |a (RuTPU)RU\TPU\retro\28594 
035 |a RU\TPU\retro\28575 
090 |a 371184 
100 |a 20220928d1958 k y0rusy50 ca 
101 0 |a rus 
102 |a RU 
105 |a a z 001zy 
200 1 |a Труды Научно-исследовательского института основной химии (НИОХИМ)  |e [сборник научных трудов]  |f Государственный научно-исследовательский и проектный институт основной химии ; отв. ред. Ф. К. Михайлов 
210 |a Ленинград  |c Госхимиздат  |d 1958 
215 |a 348 с.  |c ил. 
225 1 |a Труды Научно-исследовательского института основной химии (НИОХИМ)  |v Т. 11 
320 |a Библиогр. в конце ст. 
606 1 |a Химическая технология  |x Процессы  |2 stltpush  |3 (RuTPU)RU\TPU\subj\31251  |9 54153 
610 1 |a неорганические вещества 
610 1 |a процессы 
610 1 |a аппараты 
610 1 |a автоматизация 
610 1 |a контроль 
610 1 |a лабораторная техника 
675 |a 66.021  |v 4 
702 1 |a Михайлов  |b Ф. К.  |4 340 
712 0 2 |a Государственный научно-исследовательский и проектный институт основной химии  |c (Харьков)  |c (1923- )  |2 stltpush  |3 (RuTPU)RU\TPU\col\8114  |9 24484 
801 1 |a RU  |b 63413507  |c 20220923 
801 2 |a RU  |b 63413507  |c 20220929  |g RCR 
942 |c BK